000
00352nam a2200145Ia 4500
008
180207s9999 xx 000 0 und d
020
_a
9782894298879
050
_b
Z35 1996
100
_a
Zapp.
245
4
_a
The little mermaid /
260
_b
Tormont Publications, Inc.,
260
_c
1996
300
_a
unpaged :
300
_b
color illustration ;
999
_c
355313
_d
355313